000 00839nam a22002417a 4500
005 20180720105404.0
010 _aBAC-EN21 ENG-111711
020 _a9789380231457
_c275.00
035 _aEN-95243
035 _aB-593356-388,B-593365
037 _adpl
_bUBH/Ven
037 _bDBAD/PUB
082 _a954
100 _aMyneni, S.R.
245 _aIndian history for law students /
_cby S.R. Myneni
260 _aFaridabad
_bAllahabad Law Agency
_c2013(repr.)
270 _a16/2, Mathura Road, Plot No.33,
_bFaridabad (Haryana)
300 _axxxi,484p.
_c22cm(pbk)
500 _aIncludes bibliographical references and index
500 _aSupply received revised price Rs. 290.00
942 _2ddc
_cEN
_mMYN
_h954
999 _c89075
_d89075